MARC

LEADER 00000nam0a2200000 4500
001 301955
005 20231102001443.0
020 |a RU  |b 83-18595 
035 |a (RuTPU)RU\TPU\book\327147 
090 |a 301955 
100 |a 20150818d1983 km y0rusy5003 ca 
101 0 |a rus 
102 |a RU 
105 |a a z 001zy 
200 1 |a Канал изображения видеомагнитофона  |f А. В. Гончаров, М. И. Харитонов 
210 |a Москва  |c Радио и связь  |d 1983 
215 |a 145 с.  |c ил. 
320 |a Библиогр.: с. 143-144 
606 1 |a Видеомагнитофоны  |2 stltpush  |3 (RuTPU)RU\TPU\subj\2490  |9 31059 
610 1 |a изображения 
610 1 |a каналы 
610 1 |a запись 
610 1 |a воспроизведение 
610 1 |a сигналы 
610 1 |a искажение 
610 1 |a помехозащищенность 
610 1 |a настройка 
610 1 |a цифровая запись 
675 |a 621.397.45  |z rus  |v 3 
700 1 |a Гончаров  |b А. В.  |g Александр Васильевич  |4 070 
701 1 |a Харитонов  |b Марк Иосифович  |g М. И.  |4 070 
801 0 |a RU  |b RuMRKP  |c 19950704  |g psbo 
801 1 |a RU  |b 63413507  |c 20150818 
801 2 |a RU  |b 63413507  |c 20190614  |g RCR 
942 |c BK